MARC

LEADER 00000nam0a2200000 4500
001 358935
005 20231102011137.0
035 |a (RuTPU)RU\TPU\retro\16207 
090 |a 358935 
100 |a 20200901d1974 m y0engy50 ba 
101 1 |a eng  |c rus 
102 |a RU 
105 |a a j 001zy 
200 1 |a Задачник по физико-химическим методам анализа  |d Problems in physicochemical methods of analysis   |e учебное пособие  |f Ю. С. Ляликов, М. И. Булатов, В. И. Бодю, С. В. Крачун 
210 |a Москва  |c Мир  |d 1974 
215 |a 329 с.  |c ил. 
300 |a Книга на английском языке 
320 |a References: с. 326-328 
455 1 |0 (RuTPU)RU\TPU\book\84148  |t Задачник по физико-химическим методам анализа  |o учебное пособие  |f Ю. С. Ляликов, М. И. Булатов, В. И. Бодю, С. В. Крачун  |c Москва  |n Химия  |d 1972  |p 270 с. 
510 1 |a Problems in physicochemical methods of analysis  |z eng 
606 1 |a Физико-химический анализ  |2 stltpush  |3 (RuTPU)RU\TPU\subj\68857  |9 83965 
610 1 |a учебные пособия 
610 1 |a задачи 
610 1 |a анализ 
610 1 |a физико-химические методы 
610 1 |a колориметрия 
610 1 |a фотометрия 
610 1 |a рефрактометрия 
610 1 |a поляриметрия 
610 1 |a спектроскопия 
610 1 |a электролиз 
610 1 |a кулонометрия 
610 1 |a кондуктометрия 
610 1 |a потенциометрия 
610 1 |a полярография 
610 1 |a спектральные методы 
610 1 |a оптические методы 
610 1 |a разделение 
610 1 |a кинетические методы 
610 1 |a исследования 
610 1 |a английский язык 
675 |a 543.4/.5(076)  |v 4 
701 1 |a Ляликов  |b Ю. С.  |c химик-аналитик, академик АН Молдавской ССР  |f 1909-1976  |g Юрий Сергеевич  |2 stltpush  |3 (RuTPU)RU\TPU\pers\47208  |9 22788 
701 1 |a Булатов  |b М. И.  |g Михаил Ильич 
701 1 |a Бодю  |b В. И.  |g Валерий Иванович 
701 1 |a Крачун  |b С. В.  |g Светлана Витольдовна 
801 1 |a RU  |b 63413507  |c 20200901 
801 2 |a RU  |b 63413507  |c 20221006  |g RCR 
942 |c BK